000 00480nam a2200169Ia 4500
008 151213s9999 xx 000 0 und d
020 _a81-2032799-3
100 _aKottler Philip & Keller Kevin Lane
245 _aMarketing Management
_cKottler Philip & Keller Kevin Lane
250 _a12 th
260 _aNew Delhi
_bPrentice Hall
_c2005
300 _a3941 p.
650 _aMarketing
650 _aMarketing
700 _aKottler Philip & Keller Kevin Lane
999 _c2538
_d2538